Uplatnenie kontrolných postupov v oblasti účtovania a vykazovania miezd vo vybranej obchodnej spoločnosti diplomová práca

Guardado en:
Detalles Bibliográficos
Autor principal: Boťanská, Zuzana
Autor Corporativo: Fakulta hospodárskej informatiky EU. Katedra účtovníctva a audítorstva
Otros Autores: Kastlerová, Sylvia
Formato: Libro
Lenguaje:eslovaco
Publicado: Bratislava 2011
Etiquetas: Agregar Etiqueta
Sin Etiquetas, Sea el primero en etiquetar este registro!

MARC

LEADER 00000nbm a2200000 4500
001 0140612
005 20161109101937.9
041 0 |a slo 
044 |a SK 
245 1 0 |a Uplatnenie kontrolných postupov v oblasti účtovania a vykazovania miezd vo vybranej obchodnej spoločnosti  |b diplomová práca  |c Zuzana Boťanská ; školiteľ: Sylvia Kastlerová 
264 1 |a Bratislava  |c 2011 
300 |a 65 s. 
100 1 |a Boťanská, Zuzana 
700 1 |a Kastlerová, Sylvia 
710 2 |a Fakulta hospodárskej informatiky EU. Katedra účtovníctva a audítorstva